| 000 | 011940000a22002290004500 | ||
|---|---|---|---|
| 020 | _a0-521-20465-8 | ||
| 082 | 0 | 4 | _aG 232 S7921j |
| 100 | 1 | _aStanton, Graham | |
| 245 | 1 | 0 | _aJesus of Nazareth in New Testament preaching / G. N. Stanton |
| 260 | _aCambridge, England : Cambridge University Press | ||
| 300 | _axi, 207 páginas | ||
| 440 | 0 | _aSociety for New Testament Studies Monograph Series ; 27 / General Editor Matthew Black , Associate Editor R. McL. Wilson | |
| 500 | _aIncluye índices (p. 193-207) | ||
| 501 | _aPasta dura | ||
| 505 | 0 | 0 | _aJesús de Nazaret en la predicación misionera: El punto de vista de Lucas - La presentación de Jesús en el evangelio de Lucas - Tradiciones antes de Lucas sobre Jesús en los discursos de Hechos - Jesús en la predicación de Pablo - Los evangelios y la escritura biográfica primitiva - Jesús en las tradiciones del evangelio - Las tradiciones del evangelio en la iglesia primitiva |
| 650 | 1 | 4 | _aBiblia - Nuevo testamento - Interpretación \ Jesucristo \ Cristología \ Evangelios |
| 001 | 19612 | ||
| 942 | _cBK | ||
| 999 |
_c45974 _d45974 |
||
| 336 |
_atexto _btxt _2rdacontent |
||
| 337 |
_2rdamedia _asin mediación _bn |
||
| 338 |
_2rdacarrier _avolumen _bnc |
||